[Event "2.BLS 0506 Bad Mergentheim - Bayern Mün"]
[Site "?"]
[Date "2006.01.29"]
[Round "6.3"]
[White "Klebel, Martin Dr"]
[Black "Gasthofer, Alexander"]
[Result "0-1"]
[WhiteElo "2391"]
[BlackElo "2418"]
[PlyCount "78"]
[EventDate "2006.??.??"]

1. d4 d6 2. Nf3 Bg4 3. c4 Nd7 4. g3 Bxf3 5. exf3 e5 6. d5 g6 7. Nc3 Bg7 8. Bg2
Ne7 9. f4 O-O 10. O-O Nf5 11. Ne4 Re8 12. Rb1 Nc5 13. fxe5 Nxe4 14. Bxe4 Rxe5
15. Qd3 Qe7 16. Bg2 Bh6 17. b4 Bxc1 18. Rfxc1 Re8 19. a4 Qf6 20. Rf1 Re2 21. c5
h5 22. a5 h4 23. Bf3 Ra2 24. cxd6 cxd6 25. Bg4 Nh6 26. Bf3 h3 27. Rbc1 Kg7 28.
Rc4 g5 29. Qd4 Re5 30. Bg4 Nxg4 31. Qxg4 Ree2 32. Rf4 Qe7 33. Rf5 f6 34. Qxh3
Qe4 35. g4 Re1 36. Qf3 Rxf1+ 37. Kxf1 Ra1+ 38. Kg2 Qe1 39. Kg3 Qe7 0-1

[Event "2.BLS 0506 Bad Mergentheim - Bayern Mün"]
[Site "?"]
[Date "2006.01.29"]
[Round "6.4"]
[White "Gasthofer, Viktor"]
[Black "Meissner, Bernd-Guenther"]
[Result "1/2-1/2"]
[WhiteElo "2330"]
[BlackElo "2357"]
[PlyCount "27"]
[EventDate "2006.??.??"]

1. c4 Nf6 2. Nc3 c5 3. Nf3 g6 4. d4 cxd4 5. Nxd4 Bg7 6. e4 d6 7. Be2 Nc6 8. Be3
O-O 9. f3 Nxd4 10. Bxd4 Be6 11. Qd2 Qa5 12. Rc1 Rfc8 13. b3 a6 14. Be3 {(=)}
1/2-1/2

[Event "2.BLS 0506 Bad Mergentheim - Bayern Mün"]
[Site "?"]
[Date "2006.01.29"]
[Round "6.5"]
[White "Rodewis, Thomas Dr"]
[Black "Bogdanovich, Grigory"]
[Result "1-0"]
[WhiteElo "2377"]
[BlackElo "2349"]
[PlyCount "77"]
[EventDate "2006.??.??"]

1. d4 e6 2. c4 b6 3. Nc3 Bb7 4. e4 Bb4 5. d5 Qe7 6. Be2 Nf6 7. f3 exd5 8. cxd5
c6 9. dxc6 Nxc6 10. Nh3 d5 11. exd5 O-O-O 12. Bg5 Qc5 13. Bxf6 Rxd5 14. Qc1
gxf6 15. Nf4 Re5 16. Kf1 Qd4 17. Nb5 Qd7 18. Qc4 Bc5 19. Nd3 Rhe8 20. Nxe5 Nxe5
21. Qc3 Nxf3 22. Rd1 Rxe2 23. Qxc5+ bxc5 24. Rxd7 Re1+ 25. Kf2 Kxd7 26. Rxe1
Nxe1 27. Kxe1 a6 28. Nc3 Bxg2 29. Kf2 Bc6 30. Ke3 Ke6 31. Kf4 Bb7 32. a3 Bc6
33. h4 Bb7 34. h5 h6 35. Na4 Kd6 36. Nc3 Ke6 37. Na4 Kd6 38. Nc3 Bc6 39. Nd1 {
(Zü)} 1-0

[Event "2.BLS 0506 Bad Mergentheim - Bayern Mün"]
[Site "?"]
[Date "2006.01.29"]
[Round "6.6"]
[White "Schmidt-Schaeffer, Sebastian"]
[Black "Lentrodt, Thomas"]
[Result "1/2-1/2"]
[WhiteElo "2325"]
[BlackElo "2312"]
[PlyCount "129"]
[EventDate "2006.??.??"]

1. e4 c5 2. Nf3 e6 3. d4 cxd4 4. Nxd4 Nf6 5. Nc3 d6 6. Be2 a6 7. a4 Qc7 8. O-O
Nc6 9. Kh1 Be7 10. f4 Bd7 11. Be3 O-O 12. Bf3 Na5 13. Qd3 Nc4 14. Bc1 e5 15.
Nde2 exf4 16. Nxf4 Be6 17. Be2 Ne5 18. Nxe6 fxe6 19. Qh3 Qc8 20. Bf4 Ng6 21.
Bg5 e5 22. Rf5 h6 23. Bxh6 Nxe4 24. Nxe4 Qxf5 25. Bc4+ Kh8 26. Qxf5 Rxf5 27.
Be3 Nf4 28. Nc3 Rc8 29. Bb3 Rcf8 30. g3 Ng6 31. Kg2 Bg5 32. Bg1 Bd8 33. Ne4 Bc7
34. Be6 Rh5 35. Bg4 Rh6 36. Be3 d5 37. Bxh6 gxh6 38. Nc3 Ne7 39. Be6 Bb6 40.
Nxd5 Nxd5 41. Bxd5 Rf2+ 42. Kh3 Rxc2 43. Bxb7 a5 {(=)} 44. b3 Kg7 45. Rf1 Rc7
46. Be4 Bd4 47. Kg4 Bb6 48. h4 Rd7 49. Rc1 Rc7 50. Rd1 Bd4 51. Bd5 Rd7 52. Bc4
Rd6 53. Kf5 Rf6+ 54. Ke4 Rg6 55. Kf3 Rf6+ 56. Kg2 Rf2+ 57. Kh3 Rf6 58. Rc1 Rc6
59. g4 e4 60. Re1 e3 61. g5 hxg5 62. hxg5 Rc5 63. Kg4 Re5 64. Bd3 e2 65. Rxe2
1/2-1/2

[Event "2.BLS 0506 Bad Mergentheim - Bayern Mün"]
[Site "?"]
[Date "2006.01.29"]
[Round "6.7"]
[White "Deglmann, Ludwig"]
[Black "Hauke, Christian"]
[Result "0-1"]
[WhiteElo "2378"]
[BlackElo "2267"]
[PlyCount "104"]
[EventDate "2006.??.??"]

1. e4 d6 2. d4 Nf6 3. Nc3 Nbd7 4. Nf3 e5 5. Bc4 Be7 6. O-O O-O 7. Re1 c6 8. a4
b6 9. b3 a6 10. Bb2 Bb7 11. Bd3 Re8 12. Ne2 Bf8 13. Ng3 Qc7 14. Qd2 g6 15. Ba3
Bg7 16. dxe5 Nxe5 17. Nxe5 dxe5 18. Qc3 Rad8 19. Rad1 Rd7 20. a5 b5 21. Bc5 Bf8
22. Bb6 Qd6 23. Qa1 Qe6 24. Qc3 c5 25. f3 Rc8 26. Nf1 Rd4 27. Ne3 Nd7 28. Nd5
Nxb6 29. Nxb6 Rcd8 30. Be2 Qd6 31. Rxd4 cxd4 32. Qd2 Qc7 33. Bd3 Bc5 34. b4
Bxb6 35. axb6 Qxb6 36. f4 exf4 37. Qxf4 Qd6 38. Qd2 Qe5 39. g3 Re8 40. Qf4 f5
41. Qxe5 Rxe5 42. Rd1 fxe4 43. Bf1 Rd5 44. Bg2 Rd7 45. Bh3 Rd6 46. c3 d3 47.
Kf2 Rf6+ 48. Ke3 Rf3+ 49. Kd4 Rf2 50. Be6+ Kg7 51. h4 Kf6 52. Bd7 Ke7 0-1

[Event "2.BLS 0506 Bad Mergentheim - Bayern Mün"]
[Site "?"]
[Date "2006.01.29"]
[Round "6.8"]
[White "Kluss, Kai"]
[Black "Unzicker, Ferdinand Dr"]
[Result "1/2-1/2"]
[WhiteElo "2192"]
[BlackElo "2256"]
[PlyCount "81"]
[EventDate "2006.??.??"]

1. d4 Nf6 2. c4 e6 3. Nc3 Bb4 4. e3 c5 5. Bd3 Nc6 6. a3 Bxc3+ 7. bxc3 O-O 8.
Ne2 b6 9. e4 Ne8 10. Be3 Ba6 11. Ng3 Na5 12. Qe2 cxd4 13. cxd4 Rc8 14. Rc1 d6
15. f4 f6 16. O-O Qd7 17. Rc3 b5 18. c5 Nc4 19. Bf2 Nc7 20. a4 d5 21. axb5 Nxb5
22. Rcc1 Rfe8 23. exd5 exd5 24. Qc2 g6 25. Bxc4 dxc4 26. Qxc4+ Kg7 27. c6 Qd6
28. Qc5 Qxc5 29. Rxc5 Nxd4 30. Bxd4 Bxf1 31. Kxf1 Rc7 32. Ra5 Re6 33. Rxa7 Rxa7
34. Bxa7 Rxc6 35. Kf2 Kf7 36. Ne4 h6 37. Bd4 f5 38. Nc5 g5 39. Nd3 Ra6 40. Ne5+
Ke6 41. h3 1/2-1/2

[Event "2.BLS 0506 SC HP Böblingen - SC Bann"]
[Site "?"]
[Date "2006.02.19"]
[Round "7.1"]
[White "Stocek, Jiri"]
[Black "Dausch, Rene"]
[Result "1/2-1/2"]
[WhiteElo "2580"]
[BlackElo "2387"]
[PlyCount "126"]
[EventDate "2006.??.??"]

1. d4 Nf6 2. c4 d6 3. Nc3 Bf5 4. Nf3 g6 5. d5 Bg7 6. Nd4 Bd7 7. e4 O-O 8. Be2
c5 9. Nc2 Na6 10. O-O Nc7 11. a4 a6 12. a5 Rb8 13. Be3 b5 14. axb6 Rxb6 15. b4
Rxb4 16. Nxb4 cxb4 17. e5 Nfe8 18. Na2 a5 19. Bb6 Bxe5 20. Bxa5 Bxa1 21. Qxa1
b3 22. Nb4 Qa8 23. Rb1 Na6 24. Nxa6 Qxa6 25. Rxb3 Nf6 26. Ra3 Rb8 27. h3 Qb7
28. Bd3 Ra8 29. Qc1 h5 30. Ra1 Kg7 31. Qe1 Bf5 32. Bxf5 gxf5 33. Ra3 Qb2 34.
Rg3+ Kf8 35. Bc3 Qc2 36. Bxf6 exf6 37. Rc3 Qe4 38. Qc1 f4 39. c5 dxc5 40. Rxc5
Kg7 41. Kh2 Qd4 {(=)} 42. Rc4 Qxd5 43. Rxf4 Qe5 44. g3 Ra1 45. Qc6 Rd1 46. h4
Qe6 47. Qc3 Rd5 48. Qc4 Re5 49. Qd3 Qd5 50. Qb1 Qb5 51. Qd1 Rf5 52. Qf3 Rxf4
53. Qxf4 Qe5 54. Qf3 Kg6 55. Kg2 f5 56. Qc6+ f6 57. Kf3 Qe1 58. Qc4 Qe8 59. Qd5
Qc8 60. Qd4 Qc6+ 61. Ke3 Qe8+ 62. Kd2 Qa8 63. Qc4 Qe8 {(=)} 1/2-1/2

[Event "2.BLS 0506 SC HP Böblingen - SC Bann"]
[Site "?"]
[Date "2006.02.19"]
[Round "7.2"]
[White "Gheng, Josef"]
[Black "Bunzmann, Dimitri"]
[Result "0-1"]
[WhiteElo "2341"]
[BlackElo "2537"]
[PlyCount "74"]
[EventDate "2006.??.??"]

1. e4 e6 2. d4 d5 3. Nd2 Nf6 4. e5 Nfd7 5. Bd3 c5 6. c3 Nc6 7. Ne2 a5 8. O-O a4
9. a3 cxd4 10. cxd4 Nb6 11. f4 Bd7 12. Nf3 Na5 13. Rb1 Be7 14. Qe1 Nbc4 15. Kh1
Qb6 16. Nc3 Qc6 17. Nd1 Qb6 18. Be3 Nxe3 19. Nxe3 Nb3 20. Qf2 f5 21. exf6 Bxf6
22. Nc2 O-O 23. Qe3 Rae8 24. Rbd1 Bb5 25. Nb4 Bxd3 26. Rxd3 Na5 27. Rdd1 Nc4
28. Qf2 Nd6 29. Nd3 Ne4 30. Qe3 Rc8 31. g4 Rc4 32. Nde5 Bxe5 33. Nxe5 Rc2 34.
Nd3 Qb3 35. Kg1 Rxb2 36. Rde1 Rd2 37. Nc5 Qb2 0-1

[Event "2.BLS 0506 SC HP Böblingen - SC Bann"]
[Site "?"]
[Date "2006.02.19"]
[Round "7.3"]
[White "Slobodjan, Roman"]
[Black "Bauer, Peter"]
[Result "1-0"]
[WhiteElo "2526"]
[BlackElo "2295"]
[PlyCount "77"]
[EventDate "2006.??.??"]

1. d4 Nf6 2. Bg5 c5 3. Bxf6 gxf6 4. dxc5 Qa5+ 5. Nd2 Qxc5 6. c4 f5 7. e3 Bg7 8.
Rb1 a5 9. Ngf3 Bf6 10. Bd3 d6 11. O-O Nc6 12. Nb3 Qb6 13. Be2 O-O 14. Nbd4 Bd7
15. b3 Kh8 16. Qd2 f4 17. Nc2 Nb4 18. exf4 Bf5 19. Nxb4 axb4 20. Bd3 Bxd3 21.
Qxd3 h6 22. Qd2 Ra3 23. Rbc1 Rfa8 24. Rc2 Qa5 25. h3 Bc3 26. Qe2 Bf6 27. c5
Rxa2 28. cxd6 exd6 29. Rxa2 Qxa2 30. Qc4 Kg7 31. Qxb4 Ra3 32. Nd4 Qb2 33. Nf5+
Kg6 34. Nxd6 Rxb3 35. Qc4 Kh7 36. Qxf7+ Bg7 37. Qf5+ Kg8 38. Re1 Bf6 39. Qg6+
1-0

[Event "2.BLS 0506 SC HP Böblingen - SC Bann"]
[Site "?"]
[Date "2006.02.19"]
[Round "7.4"]
[White "Ortmann, David"]
[Black "Dolezal, Radoslav"]
[Result "1/2-1/2"]
[WhiteElo "2294"]
[BlackElo "2387"]
[PlyCount "41"]
[EventDate "2006.??.??"]

1. Nf3 Nf6 2. c4 c6 3. Nc3 d5 4. d4 e6 5. e3 Be7 6. Bd3 O-O 7. O-O a6 8. b3 b5
9. Bb2 Nbd7 10. Qe2 Bb7 11. Rfd1 Qb8 12. a3 Re8 13. Rab1 Bd6 14. Qc2 e5 15.
cxd5 cxd5 16. dxe5 Nxe5 17. Nxe5 Bxe5 18. h3 Bh2+ 19. Kh1 Bd6 20. Be2 Qc7 21.
Rbc1 {(=)} 1/2-1/2

[Event "2.BLS 0506 SC HP Böblingen - SC Bann"]
[Site "?"]
[Date "2006.02.19"]
[Round "7.5"]
[White "Nun, Jiri"]
[Black "Kabisch, Thilo"]
[Result "1/2-1/2"]
[WhiteElo "2376"]
[BlackElo "2330"]
[PlyCount "103"]
[EventDate "2006.??.??"]

1. e4 c5 2. Nf3 e6 3. d3 Nc6 4. g3 g6 5. Bg2 Bg7 6. c3 Nge7 7. Be3 b6 8. d4
cxd4 9. Nxd4 a6 10. Nxc6 Nxc6 11. O-O Qc7 12. Nd2 O-O 13. f4 Rb8 14. f5 Rd8 15.
fxg6 hxg6 16. Bg5 Rf8 17. Qe2 f6 18. Be3 Ne5 19. Rf2 b5 20. Raf1 d6 21. Bd4 Bb7
22. h3 Rbc8 23. g4 g5 24. Bxe5 dxe5 25. Nb3 Qc6 26. Nc1 Rcd8 27. Kh2 Qc5 28.
Qc2 Rd7 29. Ne2 Qc4 30. Ng3 Qxa2 31. Nh5 Rdf7 32. Qd2 Qc4 33. Rxf6 Rxf6 34.
Qxg5 R6f7 35. Nxg7 Rxg7 36. Rxf8+ Kxf8 37. Qd8+ Kf7 38. Qd7+ Kg6 39. Qe8+ Kf6
40. Qd8+ Kg6 41. Qe8+ Rf7 42. Qg8+ Kf6 43. g5+ Ke7 44. g6 Rf2 45. Qh7+ Kd6 46.
Qxb7 Qe2 47. Qxa6+ Ke7 48. Qa3+ Kf6 49. Qf8+ Kg5 50. Qe7+ Kxg6 51. Qxe6+ Kh7
52. Qe7+ 1/2-1/2

[Event "2.BLS 0506 SC HP Böblingen - SC Bann"]
[Site "?"]
[Date "2006.02.19"]
[Round "7.6"]
[White "Tuncer, Ufuk"]
[Black "Muraniy, Karl-Jasmin"]
[Result "0-1"]
[WhiteElo "2295"]
[BlackElo "2359"]
[PlyCount "96"]
[EventDate "2006.??.??"]

1. d4 c5 2. d5 e5 3. e4 d6 4. Nc3 Ne7 5. f4 exf4 6. Bxf4 Ng6 7. Bg3 Be7 8. Bb5+
Bd7 9. Bxd7+ Nxd7 10. Nf3 Qb6 11. Rb1 Bf6 12. O-O O-O 13. Qd2 Rae8 14. Kh1 Nde5
15. Nxe5 Bxe5 16. Bxe5 Rxe5 17. a3 Qc7 18. b4 Rc8 19. Nb5 Qd7 20. bxc5 Rxc5 21.
Qd3 a6 22. Nd4 Re8 23. Nf5 b5 24. a4 Ne5 25. Qg3 g6 26. axb5 axb5 27. Nh6+ Kg7
28. Qf4 Qe7 29. Rb3 Rf8 30. h3 f6 31. Rfb1 Qd7 32. Rg3 Kh8 33. Ra1 Rxc2 34.
Rga3 Qg7 35. Ng4 Nxg4 36. hxg4 Qe7 37. Ra7 Rc7 38. Qe3 Rfc8 39. Rxc7 Qxc7 40.
Qd4 Qc3 41. Qa7 b4 42. Rf1 b3 43. g5 b2 44. gxf6 Qxf6 45. Rxf6 b1=Q+ 46. Kh2
Qxe4 47. Qf2 Qe5+ 48. g3 Qh5+ 0-1

[Event "2.BLS 0506 SC HP Böblingen - SC Bann"]
[Site "?"]
[Date "2006.02.19"]
[Round "7.7"]
[White "Baerwinkel, Tobias"]
[Black "Boehm, Martin"]
[Result "1-0"]
[WhiteElo "2266"]
[BlackElo "2254"]
[PlyCount "67"]
[EventDate "2006.??.??"]

1. e4 c5 2. Nf3 e6 3. d3 d5 4. Nbd2 Nc6 5. g3 Bd6 6. Bg2 Nge7 7. O-O O-O 8. Nh4
b6 9. f4 Bb7 10. f5 exf5 11. exf5 Be5 12. Ndf3 Bf6 13. g4 Bxh4 14. Nxh4 f6 15.
g5 fxg5 16. Bxg5 Qd7 17. f6 Ng6 18. Qh5 Nxh4 19. Bxh4 Nd4 20. Rae1 g6 21. Qh6
Rf7 22. Re7 Rxe7 23. fxe7 Nf5 24. Bh3 Qc6 25. Bxf5 gxf5 26. Bf6 Kf7 27. Qxh7+
Kxf6 28. Rxf5+ Ke6 29. Qf7+ Kd6 30. Rf6+ Ke5 31. d4+ cxd4 32. Rxc6 Bxc6 33. h4
Re8 34. h5 1-0

[Event "2.BLS 0506 SC HP Böblingen - SC Bann"]
[Site "?"]
[Date "2006.02.19"]
[Round "7.8"]
[White "Heinl, Thomas"]
[Black "Mozny, Mylos"]
[Result "0-1"]
[WhiteElo "2248"]
[BlackElo "2364"]
[PlyCount "90"]
[EventDate "2006.??.??"]

1. e4 c5 2. Nf3 e6 3. d4 cxd4 4. Nxd4 Nf6 5. Nc3 d6 6. Be2 Be7 7. O-O Nc6 8.
Kh1 O-O 9. f4 Bd7 10. Be3 Nxd4 11. Qxd4 Bc6 12. Rad1 a6 13. Bf3 Rc8 14. a4 Nd7
15. Bc1 Qc7 16. Qd2 Nc5 17. b3 b5 18. axb5 axb5 19. Qe1 Qb7 20. e5 dxe5 21.
fxe5 b4 22. Bxc6 Qxc6 23. Ne2 Qe4 24. Nd4 Qxe1 25. Rfxe1 Rfd8 26. Bf4 Rd5 27.
Nf5 Rxd1 28. Nxe7+ Kf8 29. Ng6+ hxg6 30. Rxd1 Ke7 31. Kg1 Nd7 32. Rd2 Nb6 33.
Rf2 Nd5 34. Bg5+ f6 35. exf6+ gxf6 36. Bd2 Rxc2 37. h4 e5 38. g4 e4 39. Bh6 Rc3
40. g5 f5 41. h5 e3 42. Ra2 Nf4 43. hxg6 Rc1+ 44. Kh2 e2 45. Ra7+ Ke6 0-1

[Event "2.BLS 0506 SG Turm Trier - Stuttgarter "]
[Site "?"]
[Date "2006.02.19"]
[Round "7.1"]
[White "Vuckovic, Aleksandar"]
[Black "Kotronias, Vasilios"]
[Result "0-1"]
[WhiteElo "2365"]
[BlackElo "2626"]
[PlyCount "88"]
[EventDate "2006.??.??"]

1. e4 c5 2. Nf3 Nc6 3. d4 cxd4 4. Nxd4 Nf6 5. Nc3 d6 6. Bg5 e6 7. Qd2 Be7 8.
O-O-O O-O 9. f4 Nxd4 10. Qxd4 Qa5 11. Kb1 h6 12. Bh4 e5 13. Qf2 exf4 14. Nd5
Nxd5 15. Rxd5 Bxh4 16. Qxh4 Qb4 17. Bd3 Be6 18. Rb5 Qd2 19. Rf1 b6 20. Qxf4
Qxg2 21. Qxd6 Rac8 22. Qd4 Qxh2 23. Rg1 f6 24. b3 Rfd8 25. Rd5 Bxd5 26. exd5
Rc7 27. Qg4 Kf8 28. Re1 Qd6 29. Qg6 Qxd5 30. Qh7 Qf7 31. Qe4 Re7 32. Qb4 Rd4
33. Qxd4 Rxe1+ 34. Kb2 Qe7 35. Qg4 Qe5+ 36. Ka3 Qa5+ 37. Kb2 Qe5+ 38. Ka3 Qd6+
39. Kb2 f5 40. Bxf5 Qf6+ 41. Ka3 Re5 42. Bd3 Ra5+ 43. Kb4 Qd6+ 44. Kc3 Qe5+ 0-1

[Event "2.BLS 0506 SG Turm Trier - Stuttgarter "]
[Site "?"]
[Date "2006.02.19"]
[Round "7.2"]
[White "Bobras, Piotr"]
[Black "Reuss, Andreas"]
[Result "1-0"]
[WhiteElo "2563"]
[BlackElo "2339"]
[PlyCount "127"]
[EventDate "2006.??.??"]

1. e4 c6 2. d4 d5 3. Nc3 dxe4 4. Nxe4 Bf5 5. Ng3 Bg6 6. h4 h6 7. Nf3 Nd7 8. h5
Bh7 9. Bd3 Bxd3 10. Qxd3 e6 11. Bf4 Qa5+ 12. Nd2 Ngf6 13. c4 Bb4 14. Qe2 O-O
15. O-O Rfe8 16. Nb3 Qa4 17. Be5 Be7 18. Rfd1 Rad8 19. Nd2 c5 20. Nf3 Nxe5 21.
dxe5 Nd7 22. b3 Qc6 23. Rd3 Nb8 24. Rad1 Rxd3 25. Rxd3 Qc7 26. Qd2 Rd8 27.
Rxd8+ Qxd8 28. Qxd8+ Bxd8 29. Ne1 Nd7 30. Nd3 Bc7 31. Ne4 b6 32. f4 f6 33. exf6
gxf6 34. g4 Kf7 35. f5 exf5 36. gxf5 Nb8 37. Ndf2 Be5 38. Ng4 Bd4+ 39. Kg2 Kg7
40. Nd6 Nc6 41. Kf3 Nb4 42. a4 Na2 43. Nc8 a5 44. Ke4 Nc1 45. Nxb6 Ne2 46. Nd7
Ng3+ 47. Kf4 Nxh5+ 48. Kf3 Kf7 49. Nxh6+ Ke7 50. Nb6 Kd6 51. Nd5 Ke5 52. Ne7
Bc3 53. Ng4+ Kd4 54. Nf2 Bb2 55. Ne4 Ba1 56. Nc6+ Kd3 57. Nxa5 Ng7 58. Nxc5+
Kc3 59. Ke4 Kb4 60. Nab7 Nh5 61. a5 Ng3+ 62. Kd3 Be5 63. Nd7 Nxf5 64. a6 1-0

[Event "2.BLS 0506 SG Turm Trier - Stuttgarter "]
[Site "?"]
[Date "2006.02.19"]
[Round "7.3"]
[White "Lorscheid, Gerhard"]
[Black "Flumbort, Andras"]
[Result "0-1"]
[WhiteElo "2262"]
[BlackElo "2448"]
[PlyCount "50"]
[EventDate "2006.??.??"]

1. d4 Nf6 2. c4 g6 3. Nc3 d5 4. Bf4 Bg7 5. e3 c5 6. dxc5 Qa5 7. cxd5 Nxd5 8.
Qxd5 Bxc3+ 9. bxc3 Qxc3+ 10. Ke2 Qxa1 11. Be5 Qb1 12. Bxh8 Be6 13. Qd3 Qxa2+
14. Kf3 f6 15. Bg7 Nd7 16. Kg3 Rc8 17. Bh6 Rxc5 18. Nf3 Rh5 19. Bf4 Nc5 20. Qd4
Qc2 21. Ne1 Ne4+ 22. Kf3 Qxf2+ 23. Kxe4 Bf5+ 24. Kd5 Bd3+ 25. Be5 Qa2+ 0-1

[Event "2.BLS 0506 SG Turm Trier - Stuttgarter "]
[Site "?"]
[Date "2006.02.19"]
[Round "7.4"]
[White "Seger, Ruediger"]
[Black "Fritsch, Rolf"]
[Result "1-0"]
[WhiteElo "2413"]
[BlackElo "2220"]
[PlyCount "113"]
[EventDate "2006.??.??"]

1. e4 g6 2. d4 Bg7 3. Nf3 d6 4. c3 Nf6 5. Bd3 Nc6 6. O-O O-O 7. Re1 Bg4 8. h3
Bxf3 9. Qxf3 e5 10. d5 Ne7 11. c4 Nd7 12. Nc3 f5 13. Qd1 Nc5 14. f3 a5 15. b3
fxe4 16. fxe4 Kh8 17. Bg5 Bf6 18. Be3 b6 19. Rb1 Ng8 20. Qd2 Qe7 21. Bc2 Bh4
22. Rf1 Rxf1+ 23. Rxf1 Rf8 24. Rxf8 Qxf8 25. a3 Qe7 26. b4 axb4 27. axb4 Nd7
28. Nb5 Ndf6 29. c5 bxc5 30. bxc5 Ne8 31. Kh2 Qd8 32. Na7 Qb8 33. cxd6 cxd6 34.
Qc3 h6 35. Bd3 Kg7 36. Nb5 Bg5 37. Bf2 h5 38. Qc6 Be7 39. Qd7 Qd8 40. Qb7 Ngf6
41. Na7 Qc7 42. Qb4 Nd7 43. Qa4 Nef6 44. Qc6 Qa5 45. Qc2 Bf8 46. Nc6 Qa8 47.
Qc4 g5 48. Be3 Kg6 49. Qc1 g4 50. Qf1 Bh6 51. Qf5+ Kg7 52. Bxh6+ Kxh6 53. Ne7
Kg7 54. Qg6+ Kf8 55. Nf5 Ne8 56. Nxd6 Ke7 57. Qe6+ 1-0

[Event "2.BLS 0506 SG Turm Trier - Stuttgarter "]
[Site "?"]
[Date "2006.02.19"]
[Round "7.5"]
[White "Migl, Dieter"]
[Black "Galyas, Miklos"]
[Result "0-1"]
[WhiteElo "2213"]
[BlackElo "2424"]
[PlyCount "54"]
[EventDate "2006.??.??"]

1. e4 c5 2. Nc3 d6 3. f4 g6 4. Nf3 Bg7 5. Bc4 Nc6 6. O-O Nf6 7. d3 O-O 8. Qe1
e6 9. f5 d5 10. e5 Nxe5 11. Nxe5 dxc4 12. fxg6 hxg6 13. Kh1 Nd5 14. dxc4 Nb4
15. Rf2 Qh4 16. g3 Qh5 17. Bf4 b6 18. Kg1 Bb7 19. Rd1 Nc6 20. g4 Qh4 21. Bg3
Qh3 22. Rd7 Nxe5 23. Bxe5 Qxg4+ 24. Bg3 Bc6 25. Rc7 Bf3 26. Rxf3 Qxf3 27. Be5
Bh6 0-1

[Event "2.BLS 0506 SG Turm Trier - Stuttgarter "]
[Site "?"]
[Date "2006.02.19"]
[Round "7.6"]
[White "Niklasch, Oliver"]
[Black "Schmid, Wolfgang"]
[Result "1-0"]
[WhiteElo "2405"]
[BlackElo "2209"]
[PlyCount "63"]
[EventDate "2006.??.??"]

1. d4 Nf6 2. c4 d6 3. Nc3 e5 4. Nf3 e4 5. Ng5 Qe7 6. Qc2 Bf5 7. g4 Bg6 8. Bg2
Nc6 9. Nd5 Nxd4 10. Qa4+ Qd7 11. Nxc7+ Kd8 12. Qd1 Kxc7 13. Qxd4 Qxg4 14. O-O
Qf5 15. Be3 Be7 16. Rad1 Qe5 17. Nh3 Qxd4 18. Rxd4 Nh5 19. Rfd1 Rad8 20. Nf4
Nxf4 21. Bxf4 Kc6 22. Bxe4+ Bxe4 23. Rxe4 Rhe8 24. Red4 Bf6 25. Rxd6+ Rxd6 26.
Rxd6+ Kc5 27. Rd2 Kxc4 28. Kf1 a6 29. b3+ Kc5 30. Rd7 Re7 31. Bd6+ Kc6 32. Rxe7
1-0

[Event "2.BLS 0506 SG Turm Trier - Stuttgarter "]
[Site "?"]
[Date "2006.02.19"]
[Round "7.7"]
[White "Haas, Wilhelm"]
[Black "Ionescu, Doru Alexandru"]
[Result "0-1"]
[WhiteElo "2178"]
[BlackElo "2363"]
[PlyCount "82"]
[EventDate "2006.??.??"]

1. d4 Nf6 2. c4 g6 3. Nc3 Bg7 4. e4 O-O 5. Be3 d6 6. f3 e5 7. d5 c6 8. Qd2 cxd5
9. cxd5 a6 10. Bd3 Nbd7 11. Nh3 Nc5 12. Nf2 Nh5 13. b4 Nd7 14. O-O Nf4 15. g3
Nxd3 16. Qxd3 f5 17. Rac1 f4 18. Bd2 fxg3 19. hxg3 Nf6 20. Kg2 Bd7 21. Rh1 Rc8
22. Bg5 Qb6 23. a3 Nh5 24. Be3 Qd8 25. a4 Qf6 26. Bb6 Bh6 27. Ra1 Bd2 28. Ne2
Bxb4 29. Ng4 Qe7 30. Nh6+ Kh8 31. Rab1 a5 32. Be3 Bxa4 33. Rb2 Qf6 34. f4 Nxg3
35. Ng4 Qg7 36. fxe5 Nxe2 37. Qxe2 dxe5 38. Bh6 Qe7 39. Bxf8 Rxf8 40. Qe3 Rf4
41. Qh3 Bd7 0-1

[Event "2.BLS 0506 SG Turm Trier - Stuttgarter "]
[Site "?"]
[Date "2006.02.19"]
[Round "7.8"]
[White "Rat, Dan Ovidiu"]
[Black "Gabriel, Robert J"]
[Result "1-0"]
[WhiteElo "2316"]
[BlackElo "2227"]
[PlyCount "79"]
[EventDate "2006.??.??"]

1. c4 e6 2. Nc3 d5 3. d4 Nf6 4. cxd5 exd5 5. Bg5 Be7 6. e3 O-O 7. Bd3 Nbd7 8.
Nge2 Re8 9. Qc2 Nf8 10. O-O c6 11. Rae1 Ne4 12. Bxe7 Qxe7 13. Bxe4 dxe4 14. Ng3
f5 15. Rd1 Be6 16. Na4 Qf7 17. b3 Bd5 18. Nc3 Rad8 19. f3 exf3 20. Nxf5 Qg6 21.
Nxd5 cxd5 22. Rxf3 Ne6 23. Rdf1 Rd7 24. Qe2 Qh5 25. Ne7+ Rexe7 26. Rf8+ Nxf8
27. Qxh5 Rxe3 28. Rf5 g6 29. Rxf8+ Kxf8 30. Qh6+ Kf7 31. Qxe3 a6 32. Qe5 b6 33.
Kf2 b5 34. Kg3 b4 35. Qb8 a5 36. Qb5 Ke6 37. Qxa5 g5 38. Qxb4 h5 39. Qe1+ Kf5
40. Qe5+ 1-0

[Event "2.BLS 0506 Karlsruher SF - Heidelberg H"]
[Site "?"]
[Date "2006.02.19"]
[Round "7.1"]
[White "Schwalfenberg, Joerg"]
[Black "Delemarre, Jop"]
[Result "0-1"]
[WhiteElo "2335"]
[BlackElo "2433"]
[PlyCount "56"]
[EventDate "2006.??.??"]

1. d4 Nf6 2. Nf3 g6 3. c4 Bg7 4. Nc3 d5 5. Bg5 dxc4 6. e3 Be6 7. Ne5 Nd5 8.
Nxc4 c5 9. Ne4 cxd4 10. Ned6+ Kf8 11. e4 Nb6 12. Nxb7 Qc7 13. Nba5 Nxc4 14.
Nxc4 Bxc4 15. Rc1 Qe5 16. Bxc4 Qxg5 17. Bd5 e6 18. Bxa8 Qxg2 19. Qd2 Be5 20.
Ke2 Qg4+ 21. Kd3 Kg7 22. Qe2 Qh3+ 23. Kc2 d3+ 24. Qxd3 Rc8+ 25. Kd2 Bf4+ 26.
Ke2 Qg4+ 27. Qf3 Qxf3+ 28. Kxf3 Bxc1 0-1

[Event "2.BLS 0506 Karlsruher SF - Heidelberg H"]
[Site "?"]
[Date "2006.02.19"]
[Round "7.2"]
[White "Gerstner, Wolfgang"]
[Black "Roos, Jean-Luc"]
[Result "1-0"]
[WhiteElo "2407"]
[BlackElo "2294"]
[PlyCount "131"]
[EventDate "2006.??.??"]

1. d4 e6 2. c4 Nf6 3. Nc3 d5 4. Bg5 Be7 5. e3 O-O 6. cxd5 exd5 7. Bd3 Nbd7 8.
Qc2 Re8 9. Nge2 Nf8 10. O-O Nh5 11. Bxe7 Rxe7 12. Rad1 Nf6 13. Ng3 a5 14. Rfe1
c6 15. Na4 Be6 16. Nc5 Qc7 17. Bf5 Bxf5 18. Qxf5 N6d7 19. Nxd7 Qxd7 20. Rd3 g6
21. Qxd7 Rxd7 22. Rc1 Ne6 23. Nf1 f5 24. g3 Nc7 25. Nd2 a4 26. Nf3 Nb5 27. Ne5
Rd6 28. h3 Kg7 29. Kg2 Rf8 30. f4 Ra8 31. Kf3 Rf6 32. Rg1 Nd6 33. g4 Ra5 34.
Rd2 Rb5 35. Rc2 Re6 36. Rh1 Re7 37. g5 Nf7 38. Nd3 Nd6 39. Ne5 Nf7 40. h4 Nxe5+
41. fxe5 c5 42. h5 cxd4 43. hxg6 hxg6 44. exd4 Rb6 45. Ke3 Rf7 46. Kf4 Re7 47.
Rhh2 Rb4 48. Ke3 Kf7 49. Rh6 Rb6 50. Kd3 Rc6 51. Rxc6 bxc6 52. Rh8 Kg7 53. Rc8
Rb7 54. Kc3 f4 55. Rxc6 f3 56. Rf6 a3 57. bxa3 Ra7 58. e6 Rxa3+ 59. Kb4 Re3 60.
Kc5 f2 61. Kxd5 Re2 62. Kd6 Rxa2 63. d5 Ra6+ 64. Ke5 Ra2 65. Rf3 Re2+ 66. Kd6
1-0

[Event "2.BLS 0506 Karlsruher SF - Heidelberg H"]
[Site "?"]
[Date "2006.02.19"]
[Round "7.3"]
[White "Postojev, Alexander"]
[Black "Karst, Elmar"]
[Result "1/2-1/2"]
[WhiteElo "2256"]
[BlackElo "2317"]
[PlyCount "81"]
[EventDate "2006.??.??"]

1. c4 e6 2. Nf3 d5 3. g3 Nf6 4. Bg2 Be7 5. O-O O-O 6. d4 c5 7. cxd5 Nxd5 8. e4
Nf6 9. Nc3 h6 10. d5 exd5 11. e5 Nh7 12. Nxd5 Nc6 13. Be3 Be6 14. Nxe7+ Qxe7
15. Qc1 b6 16. Nh4 Nxe5 17. f4 Ng4 18. f5 Bd7 19. Bf4 Rac8 20. Re1 Qf6 21. h3
Qd4+ 22. Kh1 Nf2+ 23. Kh2 Nd3 24. Qc2 Nxe1 25. Rxe1 Bc6 26. Rd1 Qa4 27. b3 Qa6
28. f6 Nxf6 29. Bxh6 Bxg2 30. Bxg7 Be4 31. Qb2 Rcd8 32. Re1 Kxg7 33. Rxe4 b5
34. Nf5+ Kg8 35. Ne7+ Kh8 36. Rh4+ Kg7 37. Nf5+ Kg8 38. Ne7+ Kg7 39. Rg4+ Kh8
40. Rh4+ Kg7 41. Rg4+ 1/2-1/2

[Event "2.BLS 0506 Karlsruher SF - Heidelberg H"]
[Site "?"]
[Date "2006.02.19"]
[Round "7.4"]
[White "Arnold, Lothar"]
[Black "Neunhoeffer, Helmut Dr"]
[Result "1-0"]
[WhiteElo "2348"]
[BlackElo "2308"]
[PlyCount "91"]
[EventDate "2006.??.??"]

1. e4 e5 2. Nf3 Nc6 3. d4 exd4 4. Nxd4 Bc5 5. Be3 Qf6 6. c3 Nge7 7. Bc4 Ne5 8.
Be2 Qg6 9. O-O d6 10. Kh1 O-O 11. f4 Qxe4 12. Nd2 Qxe3 13. Nc2 Ng4 14. Nxe3
Nxe3 15. Qa4 Nxf1 16. Rxf1 Nf5 17. b4 Bb6 18. Nc4 Be6 19. Nxb6 axb6 20. Qb5
Rxa2 21. Qd3 Rfa8 22. Kg1 c6 23. Re1 d5 24. g4 Nd6 25. f5 Bd7 26. Bf3 Ra1 27.
Rxa1 Rxa1+ 28. Kf2 h5 29. h3 h4 30. Bxd5 cxd5 31. Qxd5 Bc6 32. Qxd6 f6 33. b5
Bh1 34. Qxb6 Ra2+ 35. Ke1 Rg2 36. Qd8+ Kh7 37. Qe8 Rg3 38. Qh5+ Kg8 39. Qe8+
Kh7 40. Qh5+ Kg8 41. Qxh4 Rxc3 42. Kd2 Rc5 43. Qe1 Bg2 44. Qe2 Bh1 45. Qe8+ Kh7
46. h4 1-0